| 000 | 02186nam a2200397 c 4500 | ||
|---|---|---|---|
| 003 | BLK | ||
| 005 | 20180422102715.0 | ||
| 008 | 180408b bul|||||r ||||||| ||bul|| | ||
| 010 | _aKNG00069090000 | ||
| 020 |
_a954-9484-06-8 _bиздат.: Морски свят |
||
| 040 | _aBLK | ||
| 041 |
_aBUL _cBUL |
||
| 080 |
_aВоенноморски флот - Персонал и организация. Служби. Части, принадлежащи към военно-морския флот - морска пехота, морскаартилерия и въздушни сили;технически служби в морския флот;санитарна служба _b359 _x(497.2)(092) _z359(497.2)(092) |
||
| 080 |
_aБългарски адмирал, командващ Българския военноморски флот _b929 Вариклечков, Иван Петров _x _z929 Вариклечков, Иван Петров |
||
| 100 | 1 |
_aАнтонов, Георги _eпърви автор _9366673 |
|
| 139 |
_aАнтонов, Георги _bВ 22 |
||
| 245 | 1 | 0 |
_aСъдбата на адмирала 1891 - 1974 _bЩрихи от живота и делото на контраадмирал Иван Вариклечков _cГеорги Антонов. |
| 257 | _aBGR | ||
| 260 |
_аВарна _bМорски свят _c2006 _fВарна : Колор принт |
||
| 300 |
_a48 с., 15 л. сн., факс. _c20Х21 см |
||
| 380 | _a3 | ||
| 500 | _aСъдържа и за авт. | ||
| 600 | 1 | 4 |
_aВариклечков, Иван Петров _9222469 |
| 650 | 4 |
_aВоенноморски флот - България - история _9249722 |
|
| 650 | 4 |
_aОфицери - Военноморски флот - България - история _9292176 |
|
| 650 | 4 |
_aВариклечков, Иван Петров _9222469 |
|
| 651 | 4 |
_aБългария _9241624 |
|
| 653 | _aвоенноморски флот | ||
| 653 | _aофицери | ||
| 653 | _aИван Вариклечков | ||
| 852 | _aЦб 229833 | ||
| 856 | 4 |
_qpdf _u |
|
| 856 | 4 |
_qpdf _u |
|
| 942 |
_cKNG _n0 |
||
| 944 |
_aCR _c31.10.2006 _lф / _kГеновева_Генчева |
||
| 944 |
_aED _c10.12.2015 _lф / _kЛюдмила_Стоянова |
||
| 999 |
_c64820 _d64820 |
||